000 01134nam0a22002531 4500
001 rc\983244
005 20250622065151.0
035 _a(NLR Aleph) 006151071
090 _a5762906
_c5762906
100 _a20041129d1981 |||y0rusy50 ca
101 0 _arus
102 _aRU
105 _ay |||||||||
200 1 _aАктуальные вопросы теории и политики партии в свете решений XXVI съезда КПСС
_eТез. докл. науч.-теорет. конф., посвящ. XXVI съезду КПСС (Вильнюс, 8 апр. 1981 г.)
_f[Ред. комис.: С.С. Лопаев (отв. ред.) и др.]
210 _aВильнюс
_cБ. и.
_d1981
215 _a86 с.
_d20
300 _aВ надзаг.: Вильн. высш. парт. школа
702 1 _aЛопаев
_bС.С.
_gСофроний Семенович
_4340
712 1 2 _aНаучно-теоретическая конф., посвященная XXVI съезду КПСС
_f1981
_eВильнюс
801 0 _aRU
_bNLR
_gpsbo
801 1 _aRU
_bELAR
_2rusmarc
852 _aNLR
_j81-4/20220
942 _cBOOK
980 _aNB